000
00293nam a22001337a 4500
008
171018b xxu||||| |||| 00| 0 eng d
020
_a
2901439042303
041
_a
eng
080
_2
9TH
_a
338
100
_a
53
101
_a
MEN
245
_a
STRATEGIC MANAGEMENT
_c
HITT,M.A
942
_2
udc
_c
BK
999
_c
34702
_d
34702